[Event "Muensterland Regionalliga playoff 9-12"]
[Site "Germany"]
[Date "2023.05.06"]
[Round "2.1"]
[White "Fuest, Martin"]
[Black "Eiersbrock, Robin"]
[Result "1-0"]
[WhiteElo "2147"]
[BlackElo "2080"]
[PlyCount "145"]
[EventDate "2022.03.18"]
[EventType "team-k.o."]
[EventRounds "2"]
[EventCountry "GER"]
[SourceTitle "EXT 2024"]
[Source "ChessBase"]
[SourceDate "2023.10.10"]
[SourceVersion "1"]
[SourceVersionDate "2023.10.10"]
[SourceQuality "1"]
[WhiteTeam "Bocholt"]
[BlackTeam "Duelmen"]
[WhiteTeamCountry "GER"]
[BlackTeamCountry "GER"]

1. d4 Nf6 2. Nf3 g6 3. g3 Bg7 4. Bg2 0-0 5. 0-0 d6 6. c3 Nbd7 7. Nbd2 e5 8. e4 exd4 9. cxd4 c5 10. d5 Re8 11. Qc2 b5 12. a4 b4 13. Re1 a5 14. Nc4 Nb6 15. Nxd6 Qxd6 16. e5 Qxd5 17. Nh4 Qd7 18. Bxa8 Nxa8 19. Rd1 Nd5 20. Qxc5 Rxe5 21. f4 Ndb6 22. Rxd7 Rxc5 23. Rd8+ Bf8 24. Be3 Rd5 25. Re8 Kg7 26. Rc1 Bb7 27. b3 Rd3 28. Bf2 Bd6 29. Rd8 Nc7 30. Bxb6 Ne6 31. Rxd6 Rxd6 32. Bxa5 Rd3 33. Bxb4 Rxb3 34. Bc3+ Kh6 35. f5 Ng5 36. Bd2 Kh5 37. Bxg5 Kxg5 38. fxg6 hxg6 39. Rc5+ Kf6 40. Rb5 Rxb5 41. axb5 Ke5 42. Kf2 Kd4 43. Nf3+ Kc5 44. Ne5 Bd5 45. Ke3 g5 46. Nd7+ Kxb5 47. Kd4 Kc6 48. Nf6 Be6 49. Ke5 Kc7 50. Ne4 g4 51. Ng5 Bb3 52. Kf6 Kd6 53. Nxf7+ Kd5 54. Kf5 Kd4 55. Ne5 Bc2+ 56. Kf4 Kd5 57. Nxg4 Ke6 58. h4 Kf7 59. Kg5 Kg7 60. Nf6 Bd3 61. g4 Bc2 62. Ne8+ Kf8 63. Nd6 Kg7 64. Nf5+ Kh7 65. Kf6 Bd3 66. g5 Bc2 67. g6+ Kh8 68. Nd4 Bd3 69. h5 Kg8 70. h6 Bb1 71. Ne6 Ba2 72. h7+ Kh8 73. Nf8 1-0

[Event "Muensterland Regionalliga 2122"]
[Site "Germany"]
[Date "2021.10.02"]
[Round "1.1"]
[White "Jansen, Dirk"]
[Black "Eiersbrock, Robin"]
[Result "0-1"]
[WhiteElo "1954"]
[BlackElo "2017"]
[PlyCount "34"]
[EventDate "2021.10.02"]
[EventType "team-tourn"]
[EventRounds "3"]
[EventCountry "GER"]
[SourceTitle "EXT 2023"]
[Source "ChessBase"]
[SourceDate "2022.10.05"]
[SourceVersion "1"]
[SourceVersionDate "2022.10.05"]
[SourceQuality "1"]
[WhiteTeam "Muenster SK IV"]
[BlackTeam "Duelmen"]
[WhiteTeamCountry "GER"]
[BlackTeamCountry "GER"]

1. c4 Nf6 2. Nc3 g6 3. g3 Bg7 4. Bg2 0-0 5. d4 c6 6. Nf3 d5 7. cxd5 cxd5 8. Ne5 Nc6 9. Nxc6 bxc6 10. 0-0 Bf5 11. Bf4 Qb6 12. Qd2 Rfd8 13. Rfd1 Ne4 14. Nxe4 dxe4 15. Bh6 Bxd4 16. Qf4 Bxb2 17. Rab1 e3 0-1

[Event "Muensterland Regionalliga 1920"]
[Site "Germany"]
[Date "2019.09.07"]
[Round "1.1"]
[White "Eiersbrock, Robin"]
[Black "Wensing, Maximilian"]
[Result "1/2-1/2"]
[WhiteElo "2053"]
[BlackElo "2135"]
[PlyCount "56"]
[EventDate "2019.09.07"]
[EventType "team-tourn"]
[EventRounds "7"]
[EventCountry "GER"]
[SourceTitle "EXT 2023"]
[Source "ChessBase"]
[SourceDate "2022.10.05"]
[SourceVersion "1"]
[SourceVersionDate "2022.10.05"]
[SourceQuality "1"]
[WhiteTeam "Duelmen"]
[BlackTeam "Ahaus Wessum"]
[WhiteTeamCountry "GER"]
[BlackTeamCountry "GER"]

1. d4 Nf6 2. Bg5 g6 3. Bxf6 exf6 4. c4 b6 5. Nc3 Bb7 6. e3 Bg7 7. Nge2 0-0 8. Nf4 f5 9. Be2 c5 10. dxc5 bxc5 11. 0-0 Nc6 12. Qd6 Qe7 13. Rfd1 Rfd8 14. Na4 Qxd6 15. Rxd6 Bf8 16. Nxc5 Bc8 17. Rad1 Bxd6 18. Rxd6 Rb8 19. b3 Ne7 20. Bf3 Rb6 21. Rxb6 axb6 22. Na4 d5 23. Nxd5 Nxd5 24. Bxd5 b5 25. Nc5 bxc4 26. bxc4 Kf8 27. h4 Ke7 28. a4 Be6 1/2-1/2

[Event "Muensterland Verbandsliga 1718"]
[Site "Germany"]
[Date "2018.03.03"]
[Round "7.1"]
[White "Ortmeier, Leonhard"]
[Black "Eiersbrock, Robin"]
[Result "0-1"]
[WhiteElo "2099"]
[BlackElo "1988"]
[PlyCount "46"]
[EventDate "2017.09.09"]
[EventType "team-tourn"]
[EventRounds "9"]
[EventCountry "GER"]
[SourceTitle "EXT 2019"]
[Source "ChessBase"]
[SourceDate "2018.10.10"]
[SourceVersion "1"]
[SourceVersionDate "2018.10.10"]
[SourceQuality "1"]
[WhiteTeam "Emsdetten Rochade II"]
[BlackTeam "Duelmen"]
[WhiteTeamCountry "GER"]
[BlackTeamCountry "GER"]

1. e4 c5 2. Nf3 g6 3. d4 cxd4 4. Nxd4 Bg7 5. c4 Nc6 6. Be3 Nf6 7. Nc3 0-0 8. Be2 d6 9. 0-0 a5 10. f3 Bd7 11. b3 Nxd4 12. Bxd4 Bc6 13. Qd2 Nd7 14. Bxg7 Kxg7 15. Qd4+ f6 16. Rfd1 Nc5 17. f4 Qb6 18. Rab1 e5 19. Qf2 Qb4 20. Rxd6 Na4 21. Rxc6 Nxc3 22. Rc7+ Kg8 23. Rb2 Nxe4 0-1

[Event "Muensterland Regionalliga 1516"]
[Site "Germany"]
[Date "2016.01.30"]
[Round "6.1"]
[White "Muth, Josef"]
[Black "Eiersbrock, Robin"]
[Result "0-1"]
[WhiteElo "1966"]
[BlackElo "1994"]
[PlyCount "66"]
[EventDate "2015.09.05"]
[EventType "team"]
[EventRounds "9"]
[EventCountry "GER"]
[SourceTitle "EXT 2017"]
[Source "ChessBase"]
[SourceDate "2016.10.25"]
[SourceVersion "1"]
[SourceVersionDate "2016.10.25"]
[SourceQuality "1"]
[WhiteTeam "Telgte"]
[BlackTeam "Duelmen"]
[WhiteTeamCountry "GER"]
[BlackTeamCountry "GER"]

1. d4 Nf6 2. c4 g6 3. Nc3 Bg7 4. e4 d6 5. Be2 0-0 6. Nf3 Nbd7 7. 0-0 e5 8. dxe5 Nxe5 9. Nxe5 dxe5 10. Bg5 c6 11. Qc2 Qc7 12. Rac1 Nd7 13. Rfd1 Nc5 14. Qd2 Ne6 15. Bh6 Rd8 16. Qe3 Nd4 17. Bxg7 Kxg7 18. Bf1 Qb6 19. b3 Bg4 20. Qg3 Bxd1 21. Qxe5+ Kg8 22. Rxd1 Ne6 23. Rxd8+ Rxd8 24. Ne2 Rd1 25. Ng3 Rd2 26. Qb8+ Nf8 27. Qf4 Rxa2 28. h4 Qd4 29. h5 Ne6 30. Qf3 Rc2 31. h6 Qd2 32. Qf6 Qxh6 33. Nf5 Qg5 0-1

[Event "Muensterland Regionalliga 1516"]
[Site "Germany"]
[Date "2015.11.14"]
[Round "3.1"]
[White "Eiersbrock, Robin"]
[Black "Ottens, Stephan"]
[Result "0-1"]
[WhiteElo "1994"]
[BlackElo "2084"]
[PlyCount "86"]
[EventDate "2015.09.05"]
[EventType "team"]
[EventRounds "9"]
[EventCountry "GER"]
[SourceTitle "EXT 2017"]
[Source "ChessBase"]
[SourceDate "2016.10.25"]
[SourceVersion "1"]
[SourceVersionDate "2016.10.25"]
[SourceQuality "1"]
[WhiteTeam "Duelmen"]
[BlackTeam "Rheine Klein Berlin"]
[WhiteTeamCountry "GER"]
[BlackTeamCountry "GER"]

1. d4 Nf6 2. c4 g6 3. Nc3 d5 4. cxd5 Nxd5 5. e4 Nxc3 6. bxc3 c5 7. Bc4 Bg7 8. Ne2 Nc6 9. Be3 0-0 10. 0-0 Qa5 11. Rc1 e6 12. f4 Rd8 13. Kh1 b5 14. Bb3 c4 15. Bc2 f5 16. Qe1 Qxa2 17. Qh4 Qa5 18. Rf3 Qc7 19. Rh3 h6 20. Rg1 Qe7 21. Qf2 Qf7 22. g4 Ne7 23. d5 fxe4 24. dxe6 Bxe6 25. f5 gxf5 26. Bxh6 fxg4 27. Qh4 Nf5 28. Qxg4 Nxh6 29. Qg5 Bxh3 30. Nf4 Bg4 31. Bxe4 Rab8 32. h3 Qf6 33. Qxf6 Bxf6 34. hxg4 Nf7 35. g5 Nxg5 36. Ne6 Kf7 37. Nxg5+ Bxg5 38. Rxg5 Rh8+ 39. Kg2 Rbg8 40. Bd5+ Kf8 41. Bxg8 Rxg8 42. Rxg8+ Kxg8 43. Kf3 Kf7 0-1

[Event "Muensterland Regionalliga 1415"]
[Site "Germany"]
[Date "2014.11.22"]
[Round "3.1"]
[White "Funke, Reinhard"]
[Black "Eiersbrock, Robin"]
[Result "1/2-1/2"]
[WhiteElo "2072"]
[BlackElo "1992"]
[PlyCount "46"]
[EventDate "2014.09.20"]
[EventType "team-tourn"]
[EventRounds "9"]
[EventCountry "GER"]
[SourceTitle "EXT 2016"]
[Source "ChessBase"]
[SourceDate "2015.10.08"]
[SourceVersion "1"]
[SourceVersionDate "2015.10.08"]
[SourceQuality "1"]
[WhiteTeam "Suedlohn"]
[BlackTeam "Duelmen"]
[WhiteTeamCountry "GER"]
[BlackTeamCountry "GER"]

1. d4 Nf6 2. Nf3 g6 3. g3 Bg7 4. Bg2 0-0 5. c4 d5 6. cxd5 Nxd5 7. 0-0 Nc6 8. Nc3 Nb6 9. d5 Na5 10. Nd4 c6 11. e4 cxd5 12. exd5 e6 13. Nde2 exd5 14. Nxd5 Be6 15. Nec3 Nxd5 16. Nxd5 Nc4 17. Nf4 Nxb2 18. Bxb2 Bxb2 19. Nxe6 fxe6 20. Rb1 Bd4 21. Qe2 Qf6 22. Rxb7 Rab8 23. Rb3 Rxb3 1/2-1/2

[Event "Muensterland Verbandsliga 1213"]
[Site "Germany"]
[Date "2013.04.13"]
[Round "8.2"]
[White "Haselhorst, Helmut"]
[Black "Eiersbrock, Robin"]
[Result "1-0"]
[WhiteElo "1986"]
[BlackElo "1975"]
[PlyCount "71"]
[EventDate "2012.09.22"]
[EventType "team-tourn"]
[EventRounds "9"]
[EventCountry "GER"]
[SourceTitle "EXT 2015"]
[Source "ChessBase"]
[SourceDate "2014.11.20"]
[SourceVersion "1"]
[SourceVersionDate "2014.11.20"]
[SourceQuality "1"]
[WhiteTeam "Ostbevern Westbevern"]
[BlackTeam "Duelmen"]
[WhiteTeamCountry "GER"]
[BlackTeamCountry "GER"]

1. Nf3 Nf6 2. c4 g6 3. g3 Bg7 4. Bg2 0-0 5. 0-0 d6 6. d4 Nc6 7. Nc3 e5 8. dxe5 Nxe5 9. Nxe5 dxe5 10. Qxd8 Rxd8 11. Bg5 Rd4 12. b3 c6 13. Rad1 Bg4 14. h3 Be6 15. Be3 Rd7 16. Rxd7 Nxd7 17. Ne4 f5 18. Nd6 Rb8 19. Bxa7 Ra8 20. Be3 Rxa2 21. Nxb7 e4 22. Nd8 Bf7 23. Nxc6 Rb2 24. Rd1 Nf8 25. Nd4 Ne6 26. Nxe6 Bxe6 27. Rd6 Kf7 28. Rb6 Bc3 29. Bf1 Bd7 30. c5 Be6 31. Rb7+ Ke8 32. Bg5 Bxb3 33. c6 Bd5 34. Re7+ Kf8 35. c7 Bb7 36. Rd7 1-0

[Event "Muensterland Verbandsliga 1213"]
[Site "Germany"]
[Date "2012.09.22"]
[Round "1.2"]
[White "Storck, Martin"]
[Black "Eiersbrock, Robin"]
[Result "0-1"]
[WhiteElo "2050"]
[BlackElo "1975"]
[PlyCount "146"]
[EventDate "2012.09.22"]
[EventType "team-tourn"]
[EventRounds "9"]
[EventCountry "GER"]
[SourceTitle "EXT 2015"]
[Source "ChessBase"]
[SourceDate "2014.11.20"]
[SourceVersion "1"]
[SourceVersionDate "2014.11.20"]
[SourceQuality "1"]
[WhiteTeam "Gronau"]
[BlackTeam "Duelmen"]
[WhiteTeamCountry "GER"]
[BlackTeamCountry "GER"]

1. c4 Nf6 2. Nc3 g6 3. d4 Bg7 4. e4 d6 5. Nf3 0-0 6. Be2 e5 7. dxe5 dxe5 8. Bg5 Nbd7 9. Qc2 c6 10. Rd1 Qc7 11. h3 Nc5 12. b4 Ne6 13. Be3 Nh5 14. g3 f5 15. exf5 gxf5 16. Ng5 Nf6 17. Nxe6 Bxe6 18. Bc5 Rfd8 19. f3 a5 20. Rxd8+ Qxd8 21. b5 b6 22. Bf2 cxb5 23. Nxb5 Rc8 24. 0-0 Nd5 25. Qd2 Nb4 26. Qxd8+ Rxd8 27. a3 Rd2 28. axb4 Rxe2 29. bxa5 bxa5 30. c5 Rc2 31. Nd6 a4 32. Rd1 Bd7 33. Rb1 a3 34. Rb8+ Bf8 35. Ra8 a2 36. Kg2 Bc6 37. Ra6 Bd5 38. h4 Rc1 39. Ne8 Bc4 40. Ra7 Bf7 41. Nf6+ Kg7 42. Ne8+ Kg8 43. Nf6+ Kh8 44. Rxf7 Bg7 45. Ra7 a1Q 46. Rxa1 Rxa1 47. Nd7 Rc1 48. g4 fxg4 49. fxg4 e4 50. g5 Kg8 51. h5 Kf7 52. h6 Bb2 53. Be3 Rc2+ 54. Kg3 Ke7 55. Nb6 Be5+ 56. Kg4 Ke6 57. Bf4 Bd4 58. Na8 e3 59. Nc7+ Kf7 60. Nd5 e2 61. Bg3 Rxc5 62. Nf4 Re5 63. Be1 Re3 64. Kf5 Bc5 65. g6+ hxg6+ 66. Nxg6 Rf3+ 67. Kg4 Rf1 68. Ne5+ Kg8 69. Nd3 Be3 70. Kh5 Kh7 71. Kg4 Kxh6 72. Kg3 Kg5 73. Kg2 Kf5 0-1

[Event "Muensterland Verbandsklasse-A 1011"]
[Site "Germany"]
[Date "2011.01.29"]
[Round "6.4"]
[White "Rudde, Simon"]
[Black "Eiersbrock, Robin"]
[Result "0-1"]
[WhiteElo "1711"]
[BlackElo "1903"]
[PlyCount "26"]
[EventDate "2010.09.18"]
[EventType "team-tourn"]
[EventRounds "9"]
[EventCountry "GER"]
[SourceTitle "EXT 2012"]
[Source "ChessBase"]
[SourceDate "2011.11.24"]
[SourceVersion "1"]
[SourceVersionDate "2011.11.24"]
[SourceQuality "1"]
[WhiteTeam "Ahaus Wessum II"]
[BlackTeam "Muenster SK III"]
[WhiteTeamCountry "GER"]
[BlackTeamCountry "GER"]

1. e4 d6 2. d4 Nf6 3. Nc3 g6 4. Be3 Bg7 5. f3 c6 6. Qd2 b5 7. 0-0-0 Qa5 8. a3 Be6 9. h4 b4 10. Nb1 c5 11. dxc5 dxc5 12. Bxc5 Bh6 13. Bb5+ Qxb5 0-1

[Event "Muensterland Verbandsklasse-A 1011"]
[Site "Germany"]
[Date "2010.12.11"]
[Round "4.3"]
[White "Eiersbrock, Robin"]
[Black "Melkert, Tim"]
[Result "1-0"]
[WhiteElo "1903"]
[BlackElo "1821"]
[PlyCount "129"]
[EventDate "2010.09.18"]
[EventType "team-tourn"]
[EventRounds "9"]
[EventCountry "GER"]
[SourceTitle "EXT 2012"]
[Source "ChessBase"]
[SourceDate "2011.11.24"]
[SourceVersion "1"]
[SourceVersionDate "2011.11.24"]
[SourceQuality "1"]
[WhiteTeam "Muenster SK III"]
[BlackTeam "Nienberge II"]
[WhiteTeamCountry "GER"]
[BlackTeamCountry "GER"]

1. d4 Nf6 2. Nf3 d6 3. c4 Bg4 4. Nc3 Nbd7 5. Bg5 c6 6. e3 Qa5 7. Bxf6 Nxf6 8. Bd3 e5 9. Qb3 0-0-0 10. h3 Bxf3 11. gxf3 exd4 12. exd4 g6 13. 0-0-0 Bg7 14. Be4 Rhe8 15. Kb1 Qb6 16. Qa3 d5 17. cxd5 Nxd5 18. Bxd5 cxd5 19. Rd3 Kb8 20. Rhd1 Bf8 21. Qa4 Qc6 22. Qb3 Qc4 23. Qc2 Rc8 24. Qd2 Bb4 25. Rc1 Qc6 26. Qf4+ Rc7 27. Nxd5 Qxc1+ 28. Qxc1 Rxc1+ 29. Kxc1 Re1+ 30. Rd1 Rxd1+ 31. Kxd1 Bf8 32. Kd2 Bg7 33. Kd3 Kc8 34. Kc4 Kd7 35. Ne3 Kd6 36. b4 b5+ 37. Kxb5 Bxd4 38. Kc4 Bb6 39. a4 Kc6 40. a5 Bc7 41. Nd5 Bb8 42. b5+ Kd6 43. Kd4 h5 44. f4 Kd7 45. f5 h4 46. fxg6 fxg6 47. b6 axb6 48. Nxb6+ Kc6 49. Ke4 Kb5 50. f4 Kxa5 51. Nd7 Bd6 52. Ne5 Kb5 53. Nxg6 Kc6 54. Nxh4 Kd7 55. Kf5 Ke7 56. Ng6+ Kf7 57. Kg5 Bc7 58. f5 Bd8+ 59. Kf4 Kf6 60. h4 Bc7+ 61. Kg4 Bd8 62. h5 Kg7 63. Ne5 Bf6 64. Kf4 Kh6 65. Ng4+ 1-0

[Event "Muensterland Verbandsklasse-A 1011"]
[Site "Germany"]
[Date "2010.10.09"]
[Round "2.4"]
[White "Langendijk, Andre"]
[Black "Eiersbrock, Robin"]
[Result "0-1"]
[WhiteElo "1883"]
[BlackElo "1903"]
[PlyCount "46"]
[EventDate "2010.09.18"]
[EventType "team-tourn"]
[EventRounds "9"]
[EventCountry "GER"]
[SourceTitle "EXT 2012"]
[Source "ChessBase"]
[SourceDate "2011.11.24"]
[SourceVersion "1"]
[SourceVersionDate "2011.11.24"]
[SourceQuality "1"]
[WhiteTeam "Gronau"]
[BlackTeam "Muenster SK III"]
[WhiteTeamCountry "GER"]
[BlackTeamCountry "GER"]

1. d4 d5 2. Bg5 c6 3. e3 Qb6 4. Qc1 Bf5 5. Nf3 h6 6. Bf4 Nd7 7. c4 e6 8. Nc3 Ngf6 9. Be2 Be7 10. 0-0 Nh5 11. c5 Qd8 12. b4 Nxf4 13. exf4 0-0 14. a4 Qc7 15. Ra3 b6 16. Ne5 Nxe5 17. fxe5 a5 18. g4 Bg6 19. cxb6 Qxb6 20. Qe3 axb4 21. Rb3 Qa5 22. Nd1 Bc2 23. Rb2 b3 0-1

[Event "Muensterland Verbandsklasse-B 0910"]
[Site "Germany"]
[Date "2010.02.20"]
[Round "7.5"]
[White "Eiersbrock, Robin"]
[Black "Merkentrup, Ralf"]
[Result "1-0"]
[WhiteElo "1885"]
[BlackElo "1671"]
[PlyCount "65"]
[EventDate "2009.09.19"]
[EventType "team-tourn"]
[EventRounds "9"]
[EventCountry "GER"]
[SourceTitle "EXT 2011"]
[Source "ChessBase"]
[SourceDate "2010.11.26"]
[SourceVersion "1"]
[SourceVersionDate "2010.11.26"]
[SourceQuality "1"]
[WhiteTeam "Muenster SK III"]
[BlackTeam "Beelen"]
[WhiteTeamCountry "GER"]
[BlackTeamCountry "GER"]

1. d4 Nf6 2. c4 e6 3. Nc3 Bb4 4. e3 b6 5. Nge2 Bb7 6. a3 Bxc3+ 7. Nxc3 0-0 8. Bd3 d5 9. 0-0 Nbd7 10. b4 c5 11. dxc5 bxc5 12. b5 Nb6 13. cxd5 exd5 14. Bb2 Qe7 15. a4 a5 16. Ne2 Rfc8 17. Rc1 Nfd7 18. Ng3 g6 19. Qg4 Kf8 20. Qf4 Ke8 21. Rfe1 c4 22. Be2 Nxa4 23. Bd4 Nac5 24. Bg4 Nd3 25. Qh6 Nxc1 26. Rxc1 c3 27. Qxh7 Qa3 28. Bxd7+ Kxd7 29. Qxf7+ Qe7 30. Qxg6 c2 31. Nf5 Qa3 32. Qf7+ Kd8 33. Bf6+ 1-0

[Event "Muensterland Cup-B 0910 sf"]
[Site "Telgte"]
[Date "2010.??.??"]
[Round "?"]
[White "Vestrick, Frank"]
[Black "Eiersbrock, Robin"]
[Result "1/2-1/2"]
[WhiteElo "1652"]
[BlackElo "1885"]
[PlyCount "69"]
[EventDate "2009.??.??"]
[EventType "match"]
[EventRounds "1"]
[EventCountry "GER"]
[SourceTitle "EXT 2011"]
[Source "ChessBase"]
[SourceDate "2010.11.26"]
[SourceVersion "1"]
[SourceVersionDate "2010.11.26"]
[SourceQuality "1"]

1. d4 d5 2. c4 Nc6 3. Nf3 Bg4 4. cxd5 Bxf3 5. dxc6 Bxc6 6. Nc3 e6 7. Bf4 Bb4 8. f3 Ne7 9. e4 f5 10. Qd3 0-0 11. Bg3 Ng6 12. Qc4 Bxc3+ 13. bxc3 fxe4 14. fxe4 Qg5 15. Qd3 Nf4 16. Qc2 Nh5 17. Qd3 Qg6 18. Bxc7 Bxe4 19. Qd2 Rac8 20. Be5 a6 21. Rg1 b5 22. Be2 b4 23. Rc1 bxc3 24. Rxc3 Qf7 25. Bxh5 Qxh5 26. Rg3 Rf7 27. Rf1 Rc2 28. Rxf7 Qxf7 29. Qe3 Bg6 30. Rf3 Qb7 31. Qb3 Qe4+ 32. Re3 Rc1+ 33. Kf2 Qc2+ 34. Qxc2 Rxc2+ 35. Re2 1/2-1/2

[Event "Muensterland Verbandsklasse-B 0910"]
[Site "Germany"]
[Date "2009.12.19"]
[Round "4.5"]
[White "Brinkmann, Franz Josef"]
[Black "Eiersbrock, Robin"]
[Result "0-1"]
[WhiteElo "1608"]
[BlackElo "1885"]
[PlyCount "86"]
[EventDate "2009.09.19"]
[EventType "team-tourn"]
[EventRounds "9"]
[EventCountry "GER"]
[SourceTitle "EXT 2011"]
[Source "ChessBase"]
[SourceDate "2010.11.26"]
[SourceVersion "1"]
[SourceVersionDate "2010.11.26"]
[SourceQuality "1"]
[WhiteTeam "Rheine Klein Berlin II"]
[BlackTeam "Muenster SK III"]
[WhiteTeamCountry "GER"]
[BlackTeamCountry "GER"]

1. e4 d6 2. d4 Nf6 3. Nc3 g6 4. Bg5 Bg7 5. Nf3 0-0 6. Be2 c6 7. 0-0 Qb6 8. Qd2 Nbd7 9. a4 e5 10. a5 Qc7 11. Rfd1 exd4 12. Nxd4 Nc5 13. Bf3 Re8 14. Qf4 Nfd7 15. b4 Bxd4 16. Rxd4 Ne6 17. Qe3 f6 18. Bf4 Nxd4 19. Qxd4 Ne5 20. Be2 Be6 21. Bh6 c5 22. Nb5 Qc6 23. Qxd6 Rad8 24. Qxc6 bxc6 25. Nc7 Re7 26. Nxe6 Rxe6 27. bxc5 g5 28. f4 Nf7 29. Bc4 Rxe4 30. Bxf7+ Kxf7 31. fxg5 Kg6 32. Rf1 fxg5 33. Bf8 Rde8 34. Bd6 Re1 35. h3 R8e2 36. Bb8 a6 37. c3 Rxf1+ 38. Kxf1 Re3 39. Kf2 Rxc3 40. Bd6 Rb3 41. Bc7 Kf5 42. g3 Ke4 43. g4 Rxh3 0-1

[Event "Muensterland Verbandsklasse-B 0910"]
[Site "Germany"]
[Date "2009.09.19"]
[Round "1.5"]
[White "Eiersbrock, Robin"]
[Black "Busswolder, Peter"]
[Result "0-1"]
[WhiteElo "1885"]
[BlackElo "1556"]
[PlyCount "112"]
[EventDate "2009.09.19"]
[EventType "team-tourn"]
[EventRounds "9"]
[EventCountry "GER"]
[SourceTitle "EXT 2011"]
[Source "ChessBase"]
[SourceDate "2010.11.26"]
[SourceVersion "1"]
[SourceVersionDate "2010.11.26"]
[SourceQuality "1"]
[WhiteTeam "Muenster SK III"]
[BlackTeam "Stadtlohn"]
[WhiteTeamCountry "GER"]
[BlackTeamCountry "GER"]

1. d4 d5 2. c4 c6 3. Nc3 Nf6 4. Nf3 e6 5. e3 Be7 6. Bd3 0-0 7. 0-0 c5 8. cxd5 exd5 9. dxc5 Bxc5 10. a3 a6 11. b3 Nc6 12. Bb2 Bg4 13. Rc1 Bb6 14. Ne2 Re8 15. Bb1 Ne4 16. Ned4 Nxd4 17. Bxd4 Bxd4 18. Qxd4 Qd6 19. Rfd1 Rad8 20. h3 Bxf3 21. gxf3 Nf6 22. b4 Qe6 23. Kg2 Rd7 24. Qf4 g6 25. Rc7 Red8 26. Ba2 Nh5 27. Qh2 Qe7 28. Rxd7 Rxd7 29. h4 Qd8 30. Qe5 Nf6 31. Rd4 h5 32. a4 b6 33. b5 a5 34. Kg3 Kf8 35. Kg2 Kg8 36. Kg3 Qc8 37. Kg2 Qd8 38. Kh3 Kf8 39. e4 dxe4 40. Rxd7 Nxd7 41. Qh8+ Ke7 42. Qxd8+ Kxd8 43. Bxf7 Ne5 44. Bd5 exf3 45. Kg3 Ke7 46. Kf4 Kf6 47. Ke4 Nd7 48. Bc4 g5 49. hxg5+ Kxg5 50. Kxf3 Ne5+ 51. Ke4 Nxc4 52. Kd5 Nb2 53. Ke5 Nd3+ 54. Kd6 Nb2 55. Ke5 Nxa4 56. f4+ Kg6 0-1